书目信息 |
| 题名: |
初中体育教学挂图
|
|
| 作者: | ;国家教委中小学教材审定委员会审查通过 | |
| 分册: | ||
| 出版信息: | 北京 北京师范大学出版社 1997 |
|
| 页数: | 74页 | |
| 开本: | 10×20cm | |
| 丛书名: | ||
| 单 册: | ||
| 中图分类: | G8 | |
| 科图分类: | ||
| 主题词: | 体育 | |
| 电子资源: | ||
| ISBN: | 7-303-04234-2 | |
| 000 | 00729nam0 2200193 450 | |
| 001 | 0734827171 | |
| 005 | 20070804161423.29 | |
| 010 | @a7-303-04234-2@dCNY128.00 | |
| 100 | @a20070717d1997 km y0chiy0120 ea | |
| 101 | 0 | @achi |
| 102 | @aCN@b110000 | |
| 200 | 1 | @a初中体育教学挂图@Achu zhong ti yu jiao xue gua tu@f国家教委中小学教材审定委员会审查通过@Fguo jia jiao wei zhong xiao xue jiao cai shen ding wei yuan hui shen cha tong guo |
| 210 | @a北京@c北京师范大学出版社@d1997 | |
| 215 | @a74页@d10×20cm | |
| 606 | 0 | @a体育 |
| 690 | @aG8@v3 | |
| 711 | 02 | @a国家教委中小学教材审定委员会审查通过@Aguo jia jiao wei zhong xiao xue jiao cai shen ding wei yuan hui shen cha tong guo |
| 801 | 0 | @aCN@bPFT@c20070804 |
| 905 | @a10447@dG8@e291 | |
| 初中体育教学挂图/国家教委中小学教材审定委员会审查通过.-北京:北京师范大学出版社,1997 |
| 74页;10×20cm |
| ISBN 7-303-04234-2:CNY128.00 |
| ● |
| 相关链接 |
|
|
|
|
正题名:初中体育教学挂图
索取号:G8/291
 
预约/预借
| 序号 | 登录号 | 条形码 | 馆藏地/架位号 | 状态 | 备注 |
| 1 | 0765753 | 207657533 | 第一样本阅览室/ [索取号:G8/291] | 在馆 | |
| 2 | 0765754 | 207657542 | 密集书库/ [索取号:G8/291] | 在馆 |